Statistics for Anime Quiz

Click here to take the quiz!

General Stats

  • This quiz has been taken 698 times
  • The average score is 9 of 50

Answer Stats

HintAnswer% Correct
1.An alchemist missing an arm and a leg.Fullmetal Alchemist Brotherhood
75%
31.One hell of a butler.Kuroshitsuji
75%
2.Pink haired yandere.Mirai nikki
71%
4.The seven most powerful holy knights.Nanatsu no taizai
64%
7.The power to command people with eye contact.Code Geass: Hangyaku no Lelouch
62%
12.Two sons of Satan.Ao no exorcist
61%
41.A scythe as a human.Soul eater
56%
11.A school of vampires.Vampire Knight
44%
26.An unreliable former calamity god.Noragami
42%
14.[ ]No game no life
35%
8.A son of yakuza and a daughter of gangsters.Nisekoi
33%
5.Two samurai, an alien and a dog will do any job.Gintama
30%
22.A maid as school president.Kaichou wa maid-sama
28%
3.Raising a green haired demon lord.Beelzebub
25%
49.The best teacher.Great Teacher Onizuka
24%
9.A terminally ill dango loving student.Clannad After Story
22%
17.The 'We're not dead yet' warfront.Angel beats
19%
10.Flicking a coin with electricity to attack.Toaru Kagaku no Railgun
18%
19.An otaku vampire.Blood lad
14%
24.Ultimate dating sim gamer.The world god only knows
12%
47.Commiting terrorism to be remembered.Zankyou no terror
12%
40.Code destroyer with blue flames.Code: Breaker
10%
13.A contractor known as 'The black reaper'.Darker than black
10%
45.Given an autograph after confessing.Gekkan shoujo nozaki-kun
10%
33.Pink haired supernatural.Elfen Lied
9%
25.Part-time demon.Hataraku maou-sama
9%
6.One girl made espers, aliens and time travellers.The melancholy of Suzumiya Haruhi
7%
46.Unpopular but not at fault.Watamote
7%
32.A young blonde detective in a library.Gosick
6%
20.Reaching the end of the universe.Tengen toppa gurren lagann
6%
18.A sunday without God.Kamisama no inai nichiyoubi
5%
39.From fire to wind powers.Kaze no stigma
5%
43.A fox spirit as a bodyguard.Inu x Boku SS
4%
16.Bloom and Weed magicians.Mahouka koukou no rettousei
4%
23.Ghosts as weapons.Shaman King
4%
37.A rain princess and Sun king.Soredemo sekai wa utsukushii
4%
29.A ghost runs a club at school.Tasogare Otome x Amnesia
4%
44.A park with fairies.Amagi Brilliant Park
3%
28.A delinquent and tsundere romance.Tonari no Kaibutsu-kun
3%
38.A boy saved by a flame witch at school.Witch craft works
3%
48.Mini-con part time worker.Working!!
3%
27.A quest to find his sister's murderer.Zetsuen no Tempest
3%
34.A former heaven's blade.Chrome shelled Regios
2%
50.An anime that shouldn't have been made.Claymore
2%
21.An elemental school club.D-frag
2%
42.Ships with human entities.Aoki Hagane no Arpeggio: Ars Nova
1%
30.A romance between the hero and devil.Maoyuu Maou Yuusha
1%
15.An un-sorcerer waging war.Break blade
0%
36.Eye power that can decompose the world.Densetsu no Yuusha no Densetsu.
0%
35.An exhausted Earth and a space suit.Suisei no Gargantia
0%

Score Distribution

Percentile by Number Answered

Percent of People with Each Score

Your Score History

You have not taken this quiz